[Event "Bled/Rogaska Slatina"]
[Site "Bled"]
[Date "1991.??.??"]
[Round "11"]
[White "Kotronias, Vasilios"]
[Black "Khalifman, Alexander"]
[Result "1/2-1/2"]
[WhiteElo "2520"]
[BlackElo "2640"]
[Annotator "Boensch,U"]
[PlyCount "82"]
[EventDate "1991.06.??"]
[EventType "tourn"]
[EventRounds "13"]
[EventCountry "SLO"]
[EventCategory "12"]
[SourceTitle "CBM 024"]
[Source "ChessBase"]
[SourceDate "1991.10.01"]
[SourceVersion "1"]
[SourceVersionDate "1991.10.01"]
[SourceQuality "1"]

1. e4 {Boensch} c5 2. Nf3 d6 3. d4 cxd4 4. Nxd4 Nf6 5. Nc3 g6 6. Be2 Bg7 7. O-O
O-O 8. Bg5 Nc6 9. Nb3 Be6 10. Kh1 Na5 11. f4 (11. Nd5 $5 Re8 12. f3 Rc8 13. Bb5
Nc6 14. c3 a6 15. Bxc6 bxc6 16. Nxf6+ exf6 17. Bf4 $14 {Vogt-Becker, DDR-ch
1986}) 11... Nc4 12. f5 Nxb2 13. Qe1 (13. Qc1 Bc4 14. e5 Bxe2 15. Nxe2 Ne4 16.
f6 exf6 17. exf6 Re8 18. Ng3 Nxg5 19. Qxb2 Bh8 20. Rf2 h6 $17 {
Khalifman-Savchenko, URS 1984}) 13... Bd7 14. Qh4 Rc8 (14... Na4 15. Nxa4 Bxa4
16. Nd4 Rc8 17. Bd3 Bd7 18. Rab1 Qc7 $15 {Kusmin-Khalifman, URS-ch 1990}) 15.
Rf3 Re8 16. Raf1 Rxc3 17. Rxc3 Nxe4 18. Qxe4 $1 {N} (18. fxg6 $6 hxg6 19. Rcf3
Nxg5 20. Qxg5 Be6 21. Qb5 $2 $17 {Kruszynski-Inkiov, Kopenhagen 1988 -Inf.46/
271} (21. h4 $5 Bf6 22. Qh6 Bg7 $10 {Kruszynski})) 18... Bxc3 19. Nd4 d5 20.
Qf3 $1 (20. Qxd5 Ba4 $17) 20... Bxd4 21. fxg6 Bf6 (21... fxg6 $2 22. Qxd5+ Be6
(22... e6 23. Qxd4 Qxg5 24. Qxd7 $16) 23. Qxe6+ Kh8 24. Bb5 $16) (21... hxg6 $2
22. Qxf7+ Kh8 23. Rf4 $18) 22. gxf7+ Kxf7 23. Bc1 $1 Kg7 (23... Na4 $2 24. Qh5+
Kg8 25. Bd3 $18) 24. Bxb2 Rf8 (24... Bxb2 25. Qf7+ Kh8 (25... Kh6 26. Qh5+ Kg7
27. Rf7+ Kg8 28. Qxh7#) 26. Bd3 Bg7 27. Qh5 h6 28. Qg6 $18) 25. Bc1 Kh8 (25...
Be5 $2 26. Bh6+ $16) 26. Qxd5 Bc6 $10 27. Qh5 Qd5 28. Qxd5 Bxd5 29. c4 Be6 30.
Be3 Rc8 31. Rf4 Bg5 32. Bd4+ Kg8 $2 (32... Bf6 $10) 33. Bg4 $1 Rc6 $8 34. Bxe6+
Rxe6 35. Rg4 Rg6 36. Bxa7 $14 Kf7 37. Bd4 $2 (37. Bg1 $14) 37... Rd6 38. g3 Bf6
$10 39. Bxf6 exf6 40. Rf4 Rd2 41. a4 b6 1/2-1/2

[Event "URS-ch57"]
[Site "Leningrad"]
[Date "1990.??.??"]
[Round "?"]
[White "Kuzmin, Gennadi P"]
[Black "Khalifman, Alexander"]
[Result "0-1"]
[WhiteElo "2540"]
[BlackElo "2615"]
[Annotator "Boensch,U"]
[PlyCount "88"]
[EventDate "1990.10.??"]
[EventType "tourn"]
[EventRounds "13"]
[EventCountry "URS"]
[EventCategory "14"]
[SourceTitle "URS-ch"]
[Source "ChessBase"]
[SourceDate "1999.07.01"]
[SourceVersion "1"]
[SourceVersionDate "1999.07.01"]
[SourceQuality "1"]

1. e4 c5 2. Nf3 d6 3. d4 cxd4 4. Nxd4 Nf6 5. Nc3 Nc6 6. Be2 g6 7. O-O Bg7 8.
Nb3 O-O 9. Bg5 Be6 10. Kh1 Na5 11. f4 (11. Nd5 $1 $10) 11... Nc4 12. f5 Nxb2
13. Qe1 Bd7 14. Qh4 Na4 (14... Rc8 15. Rf3 Re8 16. Raf1 Rxc3 $13 {Kruszynski,
W-Inkiov,V Kopenhagen 1988}) 15. Nxa4 Bxa4 16. Nd4 (16. e5 Bxb3 17. exf6 exf6
18. fxg6 fxg6 19. axb3 fxg5 20. Rxf8+ Qxf8 21. Qc4+) 16... Rc8 17. Bd3 Bd7 18.
Rab1 Qc7 19. Rf3 Qc5 20. Ne2 Qa5 21. Rh3 h5 22. Nf4 Qxa2 23. Rf1 Rxc2 $1 24.
Nxh5 (24. Bxc2 Qxc2 $19) (24. Bxf6 $5 Bxf6 25. Qg3 h4 $5 26. Qf3 Rfc8 $17)
24... Nxh5 (24... gxh5 25. Bxf6 Bxf6 26. Rg3+ Bg7 27. Qg5 Qb2 28. f6 $18) 25.
g4 f6 26. Be3 (26. fxg6 fxg5 27. Qxh5 Rxf1+ 28. Bxf1 Rf2 $19) 26... Qb3 $1 {xe4
} 27. Bxc2 Qxc2 28. gxh5 Bc6 29. Rg3 (29. hxg6 Qxe4+ $1 (29... Bxe4+ 30. Rhf3
Rc8 31. Qh7+ Kf8 32. Bh6 Bxf3+ 33. Rxf3 Qd1+ 34. Kg2 Rc2+ 35. Rf2 (35. Kg3 Qg1+
) 35... Qg4+ 36. Kh1 $1 (36. Kf1 Rxf2+ 37. Kxf2 Qh4+))) 29... g5 30. Qg4 Qxe4+
$19 31. Qxe4 Bxe4+ 32. Kg1 Kf7 33. Rg4 Bd3 34. Rf2 Rh8 35. Bxa7 Rxh5 36. Bb6 d5
37. Rb4 Be4 38. Bc5 g4 39. Rxb7 Bf8 40. Rf4 Rg5 41. Kf2 Bxf5 42. Ra4 Rh5 43.
Kg2 Be4+ 44. Kg3 f5 (44... f5 45. Bxe7 $5 (45. Raa7 Rh3+ 46. Kf2 (46. Kf4 Bh6+
47. Ke5 Bg7+ 48. Kf4 Rf3+ 49. Kg5 Bf6+ 50. Kh5 Rh3#) 46... Rxh2+) 45... Bxe7
46. Raa7 Kf6 $1 (46... f4+ 47. Kxf4 Rf5+ 48. Kxg4 Re5 $17) 47. Rxe7 (47. Ra6+
Kg5 48. Rxe7 f4+ 49. Kf2 Rxh2+) 47... Rh3+ 48. Kf2 Rxh2+ { g3}) 0-1

[Event "USA-ch"]
[Site "USA"]
[Date "1989.??.??"]
[Round "10"]
[White "Kudrin, Sergey"]
[Black "Rachels, Stuart"]
[Result "0-1"]
[WhiteElo "2570"]
[BlackElo "2385"]
[Annotator "Boensch,U"]
[PlyCount "58"]
[EventDate "1989.11.??"]
[EventType "tourn"]
[EventRounds "15"]
[EventCountry "USA"]
[EventCategory "12"]
[SourceTitle "CBM 019"]
[Source "ChessBase"]
[SourceDate "1990.12.01"]
[SourceVersion "1"]
[SourceVersionDate "1990.12.01"]
[SourceQuality "1"]

1. e4 {Bönsch} c5 2. Nf3 Nc6 3. d4 cxd4 4. Nxd4 Nf6 5. Nc3 d6 6. g3 g6 7. Nde2
(7. Bg2 Bd7 (7... Nxd4 $5) 8. O-O Bg7 9. Nb3 Qc8 10. Nd5 Bh3 11. Re1 Bxg2 12.
Kxg2 Nxd5 13. exd5 Ne5 14. c3 Qc4 $10 {Milosevic - Trepp, Schweiz 1990}) 7...
Bd7 8. Bg2 Qc8 9. Nd5 (9. h3 Bg7 10. a4 O-O 11. Be3 Rd8 12. Qd2 Nb4 13. Rc1 Bc6
14. O-O d5 {Rechlis - Rachels, Manila izt 1990}) 9... Bg7 10. O-O Nxd5 11. exd5
Ne5 12. a4 Bh3 13. Ra2 h5 $1 $40 14. Bxh3 Qxh3 15. f3 g5 16. Kh1 (16. Bxg5 $5)
16... Bf6 17. b3 Qf5 18. Nd4 Qg6 19. c4 g4 20. Rg2 (20. f4 Qe4+ 21. Rg2 Nd3 (
21... h4 $2 22. Re1) 22. Nb5 h4 $17) (20. fxg4 Qe4+ 21. Rg2 hxg4 $17) 20... h4
21. gxh4 Rxh4 22. f4 (22. fxg4 $5) 22... Nd7 23. Nb5 (23. f5 Qh7 24. Nb5 O-O-O
25. Bf4 a6 $17) 23... O-O-O 24. Nxa7+ Kb8 25. Be3 Rdh8 $19 26. Qe1 g3 27. Qa5 (
27. Qxg3 Qxg3 28. Rxg3 Rxh2+ 29. Kg1 Rh1+ 30. Kf2 R8h2+ 31. Rg2 Bh4+ $19) 27...
Rxh2+ 28. Rxh2 Qe4+ 29. Kg1 Qxe3+ 0-1

[Event "Hastings 9192"]
[Site "Hastings"]
[Date "1991.??.??"]
[Round "11"]
[White "Chandler, Murray G"]
[Black "Shirov, Alexei"]
[Result "1/2-1/2"]
[WhiteElo "2605"]
[BlackElo "2610"]
[Annotator "Boensch,U"]
[PlyCount "102"]
[EventDate "1991.12.??"]
[EventType "tourn"]
[EventRounds "14"]
[EventCountry "ENG"]
[EventCategory "14"]
[SourceTitle "CBM 027"]
[Source "ChessBase"]
[SourceDate "1992.04.01"]
[SourceVersion "1"]
[SourceVersionDate "1992.04.01"]
[SourceQuality "1"]

1. e4 {Ernst} c5 2. Nf3 d6 3. d4 cxd4 4. Nxd4 Nf6 5. Nc3 g6 6. Be2 Bg7 7. O-O
O-O 8. Nb3 Nc6 9. Re1 (9. Bg5) (9. Kh1) 9... a6 (9... Be6 10. Bf1 d5 11. exd5
Nxd5 12. Nxd5 Bxd5 13. c4 $14 {Ermenkov,E-Los,S Groningen 1990}) 10. Bf1 b5 11.
Bg5 h6 {N} (11... Nd7 12. Qc1 Nb6 $10 {Kramnik-Serper URS 1989}) 12. Bh4 Ng4
13. h3 Nge5 14. a4 Nc4 (14... b4 15. Nd5 $14) 15. axb5 Nxb2 16. Qc1 Bxc3 17.
bxc6 Qc7 (17... Bxe1 18. Qxe1 $18 {Nb2}) 18. Re3 Qxc6 19. Bxe7 Re8 20. Bxd6
Rxe4 21. Rxe4 Qxe4 22. Qxh6 Bg7 23. Qe3 Bf5 (23... Qxc2 $2 24. Qe8+ Kh7 25.
Qxf7 $18) 24. Rxa6 (24. Qxe4 Bxe4 25. c4 $16) 24... Rxa6 25. Qxe4 Bxe4 26. Bxa6
Bxc2 $14 27. Nc5 Bd4 28. Nd7 Nd1 29. Bc5 Bxc5 30. Nxc5 Nc3 31. Bc4 Ne4 32. Nb7
Kf8 33. f3 Ng3 34. Kf2 Nf5 35. g4 Nd4 36. Ke3 Nc6 37. Nc5 Ne5 38. Ba2 g5 39. f4
gxf4+ 40. Kxf4 Nd3+ 41. Nxd3 Bxd3 42. Ke5 Kg7 43. g5 Kg6 44. h4 Be2 45. Bd5 Bd1
46. Be4+ Kh5 47. Kf6 Bb3 48. Bc6 Kxh4 49. Be8 Bc4 50. Bxf7 Bxf7 51. Kxf7 Kxg5 {
Boensch} 1/2-1/2

[Event "Dortmund op-A"]
[Site "Dortmund"]
[Date "1992.??.??"]
[Round "6"]
[White "Balashov, Yuri S"]
[Black "Pekarek, Ales"]
[Result "1-0"]
[WhiteElo "2565"]
[BlackElo "2455"]
[Annotator "Boensch,U"]
[PlyCount "75"]
[EventDate "1992.04.??"]
[EventType "swiss"]
[EventRounds "11"]
[EventCountry "GER"]
[SourceTitle "CBM 029"]
[Source "ChessBase"]
[SourceDate "1992.08.01"]
[SourceVersion "1"]
[SourceVersionDate "1992.08.01"]
[SourceQuality "1"]

1. e4 c5 2. Nf3 d6 3. g3 Nc6 4. Bg2 g6 5. d4 cxd4 6. Nxd4 Bg7 7. Ne2 Nf6 8.
Nbc3 O-O 9. O-O a5 $6 {N} (9... Bd7 10. h3 Rc8 11. a4 Nb4 12. Be3 a5 13. Qd2
Bc6 14. Nd4 Nd7 15. Nxc6 bxc6 16. Rab1 Nb6 17. b3 c5 $15 {Priehoda,V-Danek,L
Brno/Morava 1991}) (9... Rb8) (9... Bg4) 10. a4 Be6 11. Nd5 Ne5 12. h3 Rc8 13.
Nef4 Bxd5 (13... Nxd5 14. Nxe6 fxe6 15. exd5 $16) 14. exd5 Nfd7 15. Ra2 Qb6 $6
16. Ne2 Nc5 17. b3 e6 $6 (17... Na6 18. Be3 Qd8 $14) 18. Be3 Ned7 19. dxe6 fxe6
20. Nd4 Rce8 21. Nb5 d5 22. c4 $1 $16 dxc4 23. Rd2 Ne5 24. Rd6 Nc6 25. Qc1 c3 (
25... Be5 26. Qxc4 Bxd6 27. Nxd6 $18) 26. Qa3 Rf5 27. f4 (27. g4 Re5 28. Bd4 c2
$13) 27... Bf8 28. g4 Bxd6 29. Nxd6 Nb4 30. Nc4 (30. Nxe8 $2 Nc2 31. Qc1 Nxe3
32. Qxe3 Rf8 $10) 30... Qc7 31. gxf5 exf5 32. Qa1 Ncd3 33. Bb6 (33. Qxc3 $2
Rxe3) 33... Qg7 34. Qd1 c2 35. Qd2 Qe7 36. Be3 Rd8 37. Qc3 Na2 $2 (37... Rc8
$16) 38. Qxc2 {Boensch} 1-0

[Event "Hoogovens"]
[Site "Wijk aan Zee"]
[Date "1992.01.??"]
[Round "4"]
[White "Huebner, Robert"]
[Black "Romero Holmes, Alfonso"]
[Result "1-0"]
[WhiteElo "2615"]
[BlackElo "2490"]
[Annotator "Boensch,U"]
[PlyCount "73"]
[EventDate "1992.01.??"]
[EventType "tourn"]
[EventRounds "13"]
[EventCountry "NED"]
[EventCategory "14"]
[SourceTitle "CBM 028"]
[Source "ChessBase"]
[SourceDate "1992.06.01"]
[SourceVersion "1"]
[SourceVersionDate "1992.06.01"]
[SourceQuality "1"]

1. e4 {Ernst} c5 2. Nf3 d6 3. d4 cxd4 4. Nxd4 Nf6 5. Nc3 g6 6. Be2 Bg7 7. O-O
O-O 8. Bg5 Nc6 9. Nb3 a6 10. f4 b5 11. Bf3 b4 12. Na4 Qc7 13. c4 {N} (13. c3 {N
} Rb8 14. Rc1 Bd7 15. Kh1 a5 16. e5 dxe5 17. Bxf6 exf6 18. cxb4 axb4 19. Nac5
Bc8 20. fxe5 fxe5 21. Bd5 Ne7 22. Na6 $16 {Zapata,A-Martin Gonzales,A
Salamanca 1991}) (13. Rc1 {N} a5 14. Re1 Ba6 15. c4 bxc3 16. Nxc3 Nb4 $2 (16...
Qa7+ 17. Kh1 Nb4 18. Be2 Rfc8 {/\Rc3} 19. Bf1 a4 20. Na1 Bxf1 21. Rxf1 a3 $19 {
(Rechlis)-Inf.53/201}) 17. e5 Nd3 18. f5 $13 {Bashkov,V-Rechlis,G Ostrava 1991}
) (13. Rf2) 13... h6 (13... bxc3 {Ernst} 14. Nxc3 Be6 15. Kh1 Rab8 $14) 14. Bh4
g5 $6 15. fxg5 hxg5 16. Bxg5 Ne5 17. Nd4 $1 $40 Qxc4 $2 (17... Nxf3+ 18. gxf3
Bh3 19. Rf2 $16) 18. Rc1 Qd3 (18... Qxa2 19. b3 Nfg4 $1 20. Ra1 Nxf3+ 21. Rxf3
Bxd4+ 22. Qxd4 Qe2 23. h3 Ne5 24. Rg3 $18) 19. Nc6 $1 $18 Be6 (19... Qxd1 20.
Nxe7+ $18) (19... Re8 20. Nb6 $18) 20. Nxe7+ Kh8 21. Nf5 Qxd1 22. Rcxd1 Bxa2
23. Rxd6 Ng8 24. Be2 f6 25. Bd2 a5 26. Rf4 Ng6 27. Rf3 N8e7 28. Rh3+ Kg8 29.
Nxg7 Kxg7 30. Bh6+ Kg8 31. Bxf8 Rxf8 32. Rg3 Kf7 33. Bh5 Rc8 34. Rf3 Kg7 35.
Bxg6 Nxg6 36. Rfxf6 Ne5 37. Rf5 {Boensch} 1-0

[Event "Moscow4"]
[Site "Moscow"]
[Date "1992.??.??"]
[Round "?"]
[White "Laketic, Gojko"]
[Black "Rausis, Igors"]
[Result "0-1"]
[WhiteElo "2480"]
[BlackElo "2460"]
[Annotator "Boensch,U"]
[PlyCount "60"]
[EventDate "1992.??.??"]
[EventType "tourn"]
[EventRounds "11"]
[EventCountry "RUS"]
[EventCategory "7"]
[SourceTitle "CBM 030"]
[Source "ChessBase"]
[SourceDate "1992.10.01"]
[SourceVersion "1"]
[SourceVersionDate "1992.10.01"]
[SourceQuality "1"]

1. e4 c5 2. Nf3 d6 3. d4 cxd4 4. Nxd4 Nf6 5. Nc3 g6 6. g3 Bg7 7. Bg2 O-O 8. O-O
Bd7 9. h3 Nc6 10. Nde2 Rc8 11. g4 (11. Nd5 Nxd5 12. exd5 Ne5 13. a4 Qc7 14. Nd4
Qc5 $14 {-ECO}) 11... Ne5 (11... Qa5 $5 12. Ng3 b5 13. g5 Ne8 14. Nd5 e6 15.
Ne3 Ne5 16. Bd2 Qb6 17. b3 b4 18. a4 f5 $13 {Kotsur-Riskin,A URS-chT Azov 1991
0-1 39}) 12. b3 $2 (12. a4 $5) 12... b5 13. f4 Nexg4 $1 14. e5 (14. hxg4 Nxg4
$17 {/\ b5-b4; Qb6}) 14... Qb6+ $1 (14... dxe5 15. hxg4 $13) 15. Kh1 Nf2+ 16.
Rxf2 Qxf2 17. exf6 Bxf6 18. Ne4 Qh4 19. Nxf6+ Qxf6 20. Be3 (20. c3 b4 $19) (20.
Rb1 Bc6 $17) 20... Rxc2 $1 $17 21. Qxc2 (21. Bd4 Qf5 22. Ng3 Qxf4 23. Qxc2 Qxd4
$17) 21... Qxa1+ 22. Kh2 Rc8 23. Qd2 Bc6 24. Bxc6 (24. Bd4 Qb1 25. Nc3 Qf5 $17)
24... Rxc6 25. Nd4 Ra6 26. Nc2 Qxa2 $19 27. Qc3 Ra3 28. Bd4 f6 29. f5 Rxb3 30.
Qc8+ Kg7 {Boensch} (30... Kg7 31. Qc7 Kf7 $19) 0-1

[Event "POL-ch 52nd"]
[Site "Warsaw"]
[Date "1995.??.??"]
[Round "8"]
[White "Jaracz, Pawel"]
[Black "Grabarczyk, Bogdan"]
[Result "0-1"]
[WhiteElo "2410"]
[BlackElo "2375"]
[Annotator "Bulletin"]
[PlyCount "70"]
[EventDate "1995.02.11"]
[EventType "tourn"]
[EventRounds "17"]
[EventCountry "POL"]
[EventCategory "8"]
[SourceTitle "EXT 1999"]
[Source "ChessBase"]
[SourceDate "1998.11.16"]
[SourceVersion "1"]
[SourceVersionDate "1998.11.16"]
[SourceQuality "1"]

1. e4 c5 2. Nf3 d6 3. d4 cxd4 4. Nxd4 Nf6 5. Nc3 g6 6. g3 Nc6 7. Nde2 h5 8. h3
Bd7 9. Bg2 Qc8 10. b3 Bg7 11. Bb2 O-O 12. Qd2 b5 $1 13. O-O-O (13. Nxb5 Nxe4)
13... a5 14. Nd5 a4 $5 15. Nxf6+ Bxf6 16. Bxf6 exf6 17. Qxd6 axb3 18. axb3 (18.
Qxd7 bxc2 19. Rd6 Nb4) 18... Ne5 19. Rd5 Ra6 20. Qb4 Rc6 21. Rd2 Be6 22. Nd4
Ra6 23. f4 Nc6 24. Nxc6 Qxc6 25. e5 Qb6 26. exf6 Rc8 27. Rhd1 Kh7 28. Be4 Qe3
29. Kb2 Qa7 30. Rd4 Ra2+ 31. Kc1 Ra1+ 32. Kd2 Rc4 $1 33. Rxc4 (33. bxc4 Qxd4+
34. Bd3 Rxd1+ (34... Qf2+ 35. Kc3 Rxd1 36. Qf8 Qe1+ 37. Kd4 Rxd3+ 38. Kxd3 Bf5+
39. Kd4 Qe4+ 40. Kc5 Qxc4+ 41. Kb6 Qe6+ 42. Kxb5 Qxf6 $19) 35. Kxd1 bxc4 36.
Qf8 Qa1+ 37. Kd2 Qxf6 38. Bf1 Qd4+) 33... Qf2+ 34. Kc3 Rxd1 35. Kb2 bxc4 0-1

[Event "Bugojno"]
[Site "Bugojno"]
[Date "1978.03.10"]
[Round "11"]
[White "Byrne, Robert Eugene"]
[Black "Larsen, Bent"]
[Result "1/2-1/2"]
[WhiteElo "2550"]
[BlackElo "2620"]
[Annotator "Bulletin"]
[PlyCount "80"]
[EventDate "1978.02.27"]
[EventType "tourn"]
[EventRounds "15"]
[EventCountry "YUG"]
[EventCategory "14"]
[SourceTitle "MCL"]
[Source "ChessBase"]
[SourceDate "1999.07.01"]
[SourceVersion "1"]
[SourceVersionDate "1999.07.01"]
[SourceQuality "1"]

1. e4 c5 2. Nf3 d6 3. d4 Nf6 4. Nc3 cxd4 5. Nxd4 Nbd7 6. g3 (6. Bc4 $5) 6... g6
7. Bg2 Bg7 8. O-O O-O 9. b3 (9. Re1 a6 10. h3 $6 (10. Nd5 $10) 10... e5 $1 11.
Nde2 Qc7 12. Be3 b5 13. a4 b4 14. Na2 Rb8 $15 {Fuchs-Taimanov, Kizlovodsk 1966}
) 9... Ne5 10. Bb2 Bg4 11. f3 Bd7 12. Nd5 Nxd5 13. exd5 a5 14. a4 Qb6 {/\..Nc4}
15. Rb1 e6 16. dxe6 fxe6 17. Kh1 Nf7 18. c4 Rfe8 19. Ba1 Rad8 20. f4 Nh6 21.
Nb5 Bxa1 22. Rxa1 Nf5 23. Re1 Ne3 24. Qd4 (24. Qxd6 $2 Bc6) 24... Qxd4 25. Nxd4
Nxg2 26. Kxg2 e5 27. Ne2 Bc6+ 28. Kf2 d5 29. cxd5 Rxd5 (29... Bxd5 30. Nc3 (30.
Rab1)) 30. Rad1 exf4 31. Nxf4 Rxd1 32. Rxd1 g5 33. Nd3 Kf7 34. Rc1 Kf6 35. Rc5
Rd8 36. Ke3 Re8+ 37. Kf2 Be4 38. Nb2 b6 39. Rb5 Re6 40. b4 axb4 1/2-1/2

[Event "YUG Cup"]
[Site "Ulcinj"]
[Date "1998.??.??"]
[Round "6"]
[White "Jevtic, Miodrag"]
[Black "Dekic, Josip"]
[Result "0-1"]
[WhiteElo "2375"]
[BlackElo "2300"]
[Annotator "Bulletin"]
[PlyCount "203"]
[EventDate "1998.??.??"]
[EventType "team"]
[EventRounds "7"]
[EventCountry "YUG"]
[SourceTitle "EXT 1999"]
[Source "ChessBase"]
[SourceDate "1998.11.16"]
[SourceVersion "1"]
[SourceVersionDate "1998.11.16"]
[SourceQuality "1"]

1. e4 c5 2. Nf3 d6 3. d4 cxd4 4. Nxd4 Nf6 5. Nc3 g6 6. Bc4 Bg7 7. h3 O-O 8. Bb3
Na6 9. O-O Nc5 10. Re1 a5 11. a4 Nxb3 12. Nxb3 Bd7 13. Bg5 h6 14. Bh4 Bc6 15.
Nd5 Bxd5 16. exd5 Qd7 17. c4 Rfc8 18. Nd2 Re8 19. Ra3 e6 20. dxe6 Rxe6 21. Rxe6
Qxe6 22. Re3 Qd7 23. Qf3 g5 24. Bg3 Qxa4 25. Qxb7 Qd1+ 26. Kh2 Rf8 27. Rd3 Re8
28. Qf3 Qc2 29. Bxd6 Qxb2 30. c5 a4 31. Nc4 Qc2 32. Ne5 h5 33. Re3 Qa2 34. c6
Qe6 35. Rd3 a3 36. Nd7 a2 37. Nc5 Qxd6+ 38. Rxd6 a1=Q 39. Nd3 Qc3 40. Qf5 g4
41. h4 g3+ $3 42. fxg3 (42. Kxg3 Ne4+ $19) 42... Ng4+ 43. Kh3 $8 Qa1 $1 44.
Qxh5 $8 Nf6 45. Rxf6 $8 Qh1+ 46. Kg4 Qd1+ (46... Bxf6 $1 $19) 47. Rf3 $8 Re4+
$8 48. Nf4 $4 (48. Kf5 Ra4 $19) (48. Kg5 Qb3 $1 49. Rf4 f6+ 50. Kg6 (50. Kg4
Qd1+ 51. Kf5 Re5+ 52. Nxe5 Qxh5+ $19) 50... Qf7+ 51. Kf5 Qe6+ $1 52. Kg6 f5+
53. Kg5 Qf6#) 48... Re5 $1 49. Qxe5 Bxe5 $19 50. Kf5 Qd6 51. Rd3 Qf6+ 52. Ke4
Bc7 53. Kf3 Qxc6+ 54. Kg4 Qe4 55. Rf3 f5+ 56. Kh3 Qe1 57. Kh2 Kg7 58. Nd5 Bb8
59. Nf4 Ba7 60. Nh3 Kg6 61. Nf4+ Kf6 62. Nh3 Ke5 63. Ra3 Bc5 64. Ra8 Kf6 65.
Ra6+ Kg7 66. Ra4 Be3 67. Rc4 Qd1 68. Rc6 Kf7 69. Ra6 Ke7 70. Rc6 Bd4 71. Ra6
Qf1 72. Ra4 Qd1 73. Ra6 Kd7 74. Ra5 Ke6 75. Ng5+ Kf6 76. Nh3 Qe1 77. Ra6+ Ke5
78. Ra8 Kd5 79. Nf4+ Kc6 80. Nh3 Be5 81. Ra3 Qb4 82. Re3 Qd4 83. Re2 Kd5 84.
Nf4+ Bxf4 85. gxf4 Qxf4+ 86. g3 Qf1 87. Ra2 f4 88. gxf4 Qxf4+ 89. Kh3 $1 Qf3+
$1 90. Kh2 $8 Qg4 $1 91. Ra5+ $1 Kc6 $1 92. Ra3 Qxh4+ $1 {(mate in 26 moves!)}
93. Rh3 (93. Kg2 $1) 93... Qf4+ (93... Qf2+ $1) 94. Kg2 $1 Kd5 $1 95. Rf3 $1
Qg5+ $1 96. Rg3 $1 Qd2+ $1 97. Kh3 (97. Kf3 $1) 97... Ke5 (97... Ke4 $1) 98.
Rg4 (98. Rg2 $1) 98... Kf5 $1 99. Rg2 $1 Qe1 (99... Qd3+ $1) 100. Kh2 (100.
Rf2+ $3) 100... Kf4 $1 101. Ra2 (101. Rg7 $1) 101... Qg3+ $1 102. Kh1 $8 (102.
Kh1 $8 Qd3 $1 103. Rf2+ Kg3 104. Rg2+ Kf3 105. Kg1 Qd1+ 106. Kh2 Qe1 107. Ra2
Qh4+ 108. Kg1 Qd4+ 109. Kh1 Qh8+ 110. Kg1 Qg8+ $19) 0-1

[Event "World U20-ch22"]
[Site "Belfort"]
[Date "1983.08.25"]
[Round "12"]
[White "Barbulescu, Dan"]
[Black "Georgiev, Kiril"]
[Result "0-1"]
[WhiteElo "2320"]
[BlackElo "2410"]
[Annotator "Bulletin/Primel,D"]
[PlyCount "90"]
[EventDate "1983.08.12"]
[EventType "swiss"]
[EventRounds "13"]
[EventCountry "FRA"]
[SourceTitle "EXT 2004"]
[Source "ChessBase"]
[SourceDate "2003.11.25"]
[SourceVersion "1"]
[SourceVersionDate "2003.11.25"]
[SourceQuality "1"]

1. e4 c5 2. Nf3 d6 3. d4 cxd4 4. Nxd4 Nf6 5. Nc3 g6 6. Be2 {Face au leader, le
roumain était contraint de jouer pour le gain pour garder une chance de finir
à la 03ème place mais il choisit une variante peu ambitieuse.} Bg7 7. O-O O-O
8. Kh1 Nc6 9. Nb3 a6 10. f4 b5 11. Bf3 (11. a3) 11... Bb7 (11... Bd7) 12. Be3
Rc8 $146 (12... Qc7) (12... Nd7 13. Nd4 {Sznapik,A (2440)-Sax,G (2550) Baile
Herculane zt 1982 (10) 1-0}) 13. Qd2 (13. e5 $5 {[%cal Gf3b7] Aurait évité
que les Noirs ne poussent eux mêmes e5}) 13... e5 $1 14. Rad1 exf4 {[%cal
Gc6e5]} 15. Bxf4 Ne5 16. Qxd6 Qxd6 17. Rxd6 Nxf3 18. gxf3 b4 19. Na4 Rxc2 20.
Nd4 Rc4 21. b3 $2 (21. Rc1) 21... Nxe4 $2 22. bxc4 Nxd6 23. Bxd6 Rd8 24. Nf5
gxf5 25. Bxb4 Bd4 26. Nc5 Ba8 27. Nb3 (27. Kg2 {[%csl Rf3][%cal Gf1d1]} f4 28.
Rd1) 27... Be3 28. Kg2 {Trop tard!} f4 29. a3 f6 30. Nc5 Kf7 31. h4 $4 (31. Ne4
) 31... a5 32. Bxa5 Rg8+ 33. Kh2 Bxc5 $19 34. Bd2 Rg3 35. Bxf4 Rxf3 36. Rxf3
Bxf3 37. a4 Be2 38. a5 Bxc4 39. Kg3 Ke6 40. Kg4 Be2+ 41. Kg3 Bd6 42. Kf2 Bxf4
43. Kxe2 Kf5 44. Kf3 h5 45. a6 Bb8 0-1

[Event "FIDE-Wch k.o."]
[Site "Groningen"]
[Date "1997.12.25"]
[Round "6.6"]
[White "Adams, Michael"]
[Black "Short, Nigel D"]
[Result "1/2-1/2"]
[WhiteElo "2680"]
[BlackElo "2660"]
[Annotator "ChessBase"]
[PlyCount "89"]
[EventDate "1997.12.09"]
[EventType "k.o."]
[EventRounds "7"]
[EventCountry "NED"]
[SourceTitle "CBM 063"]
[Source "ChessBase"]
[SourceDate "1998.03.26"]
[SourceVersion "1"]
[SourceVersionDate "1998.03.26"]
[SourceQuality "1"]

1. e4 c5 2. Nc3 d6 3. Nf3 Nf6 4. g3 Nc6 5. Bg2 g6 6. d4 cxd4 7. Nxd4 Nxd4 8.
Qxd4 Bg7 9. O-O O-O 10. Qb4 a5 11. Qb3 Rb8 $6 (11... Be6 $1 12. Nd5 a4 13. Qxb7
Nxd5 14. exd5 Bf5 15. Bg5 Qb8 16. Qxb8 Rfxb8 17. Bxe7 Rxb2 18. a3 Rxc2 19. Rae1
Ra6 20. Be4 Bxe4 21. Rxe4 Bb2 22. Rfe1 Rc1 23. Rxc1 Bxc1 24. Bf6 Ra8 25. Rc4
Bxa3 26. Bd4 Bc5 27. Bxc5 dxc5 28. Rxc5 a3 29. Rc1 a2 {0-1 Adams,M-Kramnik,V/
Hoogovens 1998/sp 98/03}) 12. a4 Nd7 13. Be3 b6 14. Rfd1 Bb7 15. Bd4 Bxd4 16.
Rxd4 Nc5 17. Qa3 Qc7 18. Re1 Bc6 19. Bf1 Rfc8 20. h4 Qb7 21. h5 Rd8 22. Bg2 Kg7
23. b3 f6 24. Qc1 Rbc8 25. Qe3 e6 26. Red1 Qe7 27. Nb5 Bxb5 28. h6+ Kf7 29.
axb5 Qc7 30. f4 Ke7 31. Rc4 Qb8 32. Rf1 Rd7 33. f5 Rdc7 34. fxg6 hxg6 35. e5
dxe5 36. Rg4 Rg8 37. Qf2 f5 38. h7 Rg7 39. Rh4 Qh8 40. Qe3 e4 41. Qg5+ Kf7 42.
Rh6 Nd7 43. Bxe4 Nf8 44. Qd8 Rd7 45. Qxb6 1/2-1/2

[Event "AUT-ch"]
[Site "Voitsberg"]
[Date "1995.??.??"]
[Round "8"]
[White "Sinowjew, Juri"]
[Black "Robatsch, Karl"]
[Result "0-1"]
[WhiteElo "2320"]
[BlackElo "2390"]
[Annotator "ChessBase"]
[PlyCount "48"]
[EventDate "1995.??.??"]
[EventType "tourn"]
[EventRounds "15"]
[EventCountry "AUT"]
[EventCategory "5"]
[SourceTitle "CBM 049 Extra"]
[Source "ChessBase"]
[SourceDate "1996.01.01"]
[SourceVersion "1"]
[SourceVersionDate "1996.01.01"]
[SourceQuality "1"]

1. e4 c5 2. Nf3 d6 3. d4 cxd4 4. Nxd4 Nf6 5. Nc3 Nc6 6. Be2 g6 7. O-O Nxd4 8.
Qxd4 Bg7 9. Bg5 O-O 10. Qd2 Be6 11. Kh1 Rc8 12. Bd3 d5 13. e5 d4 $1 14. Nd1 Nd7
15. f4 Nc5 16. f5 Bxf5 $1 17. Bxf5 gxf5 18. Rxf5 Ne4 19. Qe2 Nxg5 20. Rxg5 f6
21. exf6 $2 (21. Rg3 $142) 21... exf6 22. Rg3 Re8 23. Qd2 Rxc2 $1 24. Qb4 Qb6
0-1